LIBRARY & INFORMATION CENTRE, KCAET, TAVANUR

ONLINE PUBLIC ACCESS CATALOGUE (OPAC)

Elementary mechanics with hydrostatics / (Record no. 8788)

MARC details
000 -LEADER
fixed length control field 00426cam a2200169ua 4500
041 ## - LANGUAGE CODE
Language code of text/sound track or separate title eng
082 ## - DEWEY DECIMAL CLASSIFICATION NUMBER
Classification number 531
Item number HUM/EL
100 ## - MAIN ENTRY--AUTHOR NAME
Personal name Humphrey, D .
245 ## - TITLE STATEMENT
Title Elementary mechanics with hydrostatics /
250 ## - EDITION STATEMENT
Edition statement 1 /
260 ## - PUBLICATION, DISTRIBUTION, ETC. (IMPRINT)
Place of publication London :
Name of publisher Longman Green and Co ,
Year of publication 1961.
300 ## - PHYSICAL DESCRIPTION
Number of Pages 628 ; .
700 1# - ADDED ENTRY--PERSONAL NAME
Personal name Baggott, E A .
942 ## - ADDED ENTRY ELEMENTS (KOHA)
Koha item type Books
Holdings
Withdrawn status Lost status Damaged status Home library Current library Date acquired Full call number Accession Number Koha item type
      KAUAET KAUAET 07/04/2012 531 3896 Books
free website counter